Movie Posters XVI Quiz Stats

 Plays Quiz Updated Jun 22, 2017

Support Sporcle.
Go Orange.
Score 0/24 Timer 06:00
10 Plays Today
Hint Answer % Correct
The Lego Movie
92.2%
Madagascar
91.8%
Captain America: The Winter Soldier
91.1%
Maleficent
80.6%
Bruce Almighty
77.6%
The Interview
72.6%
Rio
70.8%
There's Something About Mary
69.8%
I Am Legend
65.7%
Shaun of the Dead
65%
Her
63.9%
The Proposal
62.9%
Hint Answer % Correct
You've Got Mail
61.9%
Divergent
58.8%
A Beautiful Mind
58.7%
Pitch Perfect
57.2%
Training Day
56.7%
Team America: World Police
56.6%
Predator
56%
World War Z
50.6%
Tootsie
45.8%
Casino
41.8%
No Country for Old Men
32.2%
The Hobbit: The Desolation of Smaug
28.2%

You're not logged in!

Compare scores with friends on all Sporcle quizzes.
OR
Log In
Forgot?

From the Vault

Click-A-Blanchett

by g_norm

Don't wait, click-a-Cate before it's too late!
Remove Ads.
Support Sporcle.
Get the best of Sporcle when you Go Orange. This ad-free experience offers more features, more stats, and more fun while also helping to support Sporcle. Thank you for becoming a member.

Show Comments

Extras

Top Quizzes Today


Score Distribution

Your Account Isn't Verified!

In order to create a playlist on Sporcle, you need to verify the email address you used during registration. Go to your Sporcle Settings to finish the process.

Report this User

Report this user for behavior that violates our Community Guidelines.

Details: